000 00367nam a2200145Ia 4500
008 210716s2002 xx 000 0 und d
041 _aeng
082 _a005.2631 COPS
100 _aCopestake, Stephen.
245 _aOffice xp: in easy steps.
_bIn easy steps.
250 _a1
260 _aNew Delhi
_bDreamtech Press
_c2002
300 _a192
650 _aMS Office
999 _c186505
_d186505